La chapelle-reposoir de barque de Philippe Arrhidée à Karnak /

محفوظ في:

المؤلف الرئيسي: Thiers, Christophe (مؤلف)

مؤلفون آخرون: Labarta, Charlie, Tillier, Anaïs, Abdel Khassoul, Mamdouh (المحرر)

التنسيق: كتاب

اللغة: French

منشور في: Le Caire : Institut français d'archéologie orientale, 2020.

سلاسل: Bibliothéque générale ; 60.

الموضوعات:

الوسوم: إضافة وسم

لا توجد وسوم, كن أول من يضع وسما على هذه التسجيلة!

رقم الطلب: ( F )DT73 .K4 T55 v.1-2

LEADER 01382nam a22003497a 4500
003 OSt
005 20251222123316.0
008 251222t20202020ua a b 001 0 fre
010 |a  2021338234 
020 |a 9782724707700  |q (hardback)  
020 |a 2724707702 
037 |c 1596.00 EGP 
040 |c ARCE Library 
042 |a pcc   |a lcode 
050 1 4 |a ( F )DT73 .K4  |b T55 v.1-2 
100 1 |a Thiers, Christophe,  |e author 
245 1 3 |a La chapelle-reposoir de barque de Philippe Arrhidée à Karnak /   |c Christophe Thiers, Charlie Labarta, Anaïs Tillier ; Centre franco-égyptien d'étude des temples de Karnak. 
264 1 |a Le Caire :   |b Institut français d'archéologie orientale,  |c 2020. 
264 4 |a ©2020. 
300 |a 2 volumes (xx, 364, 243 pages) :   |b illustrations (some color) ;   |c 33 cm. 
490 0 |a Bibliothéque générale ;   |v 60. 
500 |a ''travaux du Centre Franco-Égyptien D'Étude Des Temples de Karnak. 
504 |a Includes bibliographical references (pages [353]-359).  
600 0 7 |a Hatshepsout   |d (1550-1484 av. J.-C.; reine d'Égypte)   |x Et l'architecture.  |2 ram  
650 0 |a Monuments   |z Egypt   |z Karnak. 
650 0 |a Temples   |z Egypt   |z Karnak. 
651 0 |a Karnak (Egypt)   |x Antiquities. 
700 1 |a Labarta, Charlie, 
700 1 |a Tillier, Anaïs, 
700 1 |a Abdel Khassoul, Mamdouh,  |e editor 
942 |2 lcc  |c BK 
999 |c 38834  |d 38834